| 000 | 00916cam a22002411 4500 | ||
|---|---|---|---|
| 001 | agr34000092 | ||
| 003 | DLC | ||
| 005 | 20260227110953.0 | ||
| 008 | 800902m19339999gw af 000 0 ger | ||
| 010 | _aagr34000092 | ||
| 035 | _a(OCoLC)6671886 | ||
| 040 |
_aDLC _cNIC _dDNLM _dDLC |
||
| 042 | _apremarc | ||
| 050 | 0 | 0 |
_aTP978 _b.T8 1933 |
| 060 | 0 | 0 |
_aTP 978 _bT879h 1933 |
| 100 | 1 |
_aTschirch, A. _q(Alexander), _d1856- |
|
| 245 | 1 | 4 |
_aDie Harze; _bdie botanischen und chemischen Grundlagen unserer Kenntnisse über die Bildung, die Entwicklung und die Zusammensetzung der pflanzlichen Exkrete, _cbearbeitet van A. Tschirch und Erich Stock. |
| 250 | _aDritte umgearb. Aufl. von A. Tschirch, Die harze und die harzbehälter. | ||
| 260 |
_aBerlin, _bGebrüder Borntraeger, _c1933- |
||
| 300 |
_av. _billus., col. plates, fold. tables, diagrs. _c26 cm. |
||
| 650 | 0 | _aGums and resins. | |
| 700 | 1 |
_aStock, Erich, _d1889- |
|
| 999 |
_c9610 _d9610 |
||